FAO terminology bulletin; N32 Agricultural credit

Na minha lista:
Detalhes bibliográficos
Formato: Livro
Idioma:Undetermined
Publicado em: Rome FAO 1995
Assuntos:
Tags: Adicionar Tag
Sem tags, seja o primeiro a adicionar uma tag!
Thư viện lưu trữ: Trung tâm Học liệu Trường Đại học Cần Thơ
LEADER 00463nam a2200169Ia 4500
001 CTU_42792
008 210402s9999 xx 000 0 und d
082 |a 332.71 
082 |b A278/N32 
245 0 |a FAO terminology bulletin; N32 
245 0 |b Agricultural credit 
260 |a Rome 
260 |b FAO 
260 |c 1995 
650 |a agricultural credit 
904 |i Nguyễn Quang Điền, 010704 
980 |a Trung tâm Học liệu Trường Đại học Cần Thơ